| Tag |
First Indicator |
Second Indicator |
Subfields |
| LEADER |
00000cam a2200000 a 4500 |
| 001 |
in00000001607 |
| 007 |
he bmb024bbca |
| 008 |
981113s1998 dcu bb f000 0 eng c |
| 005 |
20230309222534.6 |
| 035 |
|
|
|a (OCoLC)ocm40307658
|
| 035 |
|
|
|9 AJC2840AM
|
| 035 |
|
|
|a in00000001607
|
| 037 |
|
|
|a 159962
|b GAO (202) 512-6000 (Voice); (202) 512-6061 (Fax)
|f paper copy
|
| 040 |
|
|
|a GPO
|c GPO
|d DLC
|d MvI
|d UtOrBLW
|
| 042 |
|
|
|a pcc
|
| 043 |
|
|
|a n-us---
|
| 049 |
|
|
|a UMIC
|
| 049 |
|
|
|a WWW
|
| 074 |
|
|
|a 0546-D-01 (MF)
|
| 074 |
|
|
|a 0546-D-01 (online)
|
| 086 |
0 |
|
|a GA 1.5/2:T-NSIAD-98-105
|
| 100 |
1 |
|
|a Hecker, JayEtta Z.
|
| 245 |
1 |
0 |
|a Export promotion :
|b issues for assessing the governmentwide strategy : statement of JayEtta Z. Hecker, Associate Director, International Relations and Trade Issues, National Security and International Affairs Division, before the Task Force on International Affairs, Committee on the Budget, U.S. Senate /
|c United States General Accounting Office.
|
| 246 |
3 |
0 |
|a Issues for assessing the governmentwide strategy
|
| 264 |
|
1 |
|a Washington, D.C. (P.O. Box 37050, Washington, D.C. 20013) :
|b The Office,
|c [1998]
|
| 300 |
|
|
|a 13 pages ;
|c 28 cm.
|
| 336 |
|
|
|a text
|b txt
|2 rdacontent
|
| 337 |
|
|
|a microform
|b h
|2 rdamedia
|
| 338 |
|
|
|a microfiche
|b he
|2 rdacarrier
|
| 490 |
1 |
|
|a Testimony ;
|v GAO/T-NSIAD-98-105
|
| 500 |
|
|
|a Cover title.
|
| 500 |
|
|
|a Shipping list number: 98-1130-M.
|
| 500 |
|
|
|a "For release ... February 26, 1998."
|
| 500 |
|
|
|a "February 26, 1998."
|
| 504 |
|
|
|a Includes bibliographical references (pages 12-13).
|
| 533 |
|
|
|a Microfiche.
|b [Washington, D.C.] :
|c U.S. General Accounting Office,
|d [1998?]
|e 1 microfiche : negative.
|
| 530 |
|
|
|a Also available via Internet from the GPO Access web site. Address as of 09/17/01: http://frwebgate.access.gpo.gov/cgi-bin/getdoc.cgi?dbname=gao&docid=f:ns98105t.pdf; current access is available via PURL.
|
| 500 |
|
|
|a Microform.
|
| 650 |
|
0 |
|a Foreign trade promotion
|z United States.
|
| 650 |
|
0 |
|a Exports
|z United States
|x Finance.
|
| 610 |
2 |
0 |
|a Trade Promotion Coordinating Committee (U.S.)
|
| 710 |
1 |
|
|a United States.
|b General Accounting Office.
|
| 830 |
|
0 |
|a Testimony ;
|v GAO/T-NSIAD-98-105.
|
| 856 |
4 |
1 |
|u https://purl.fdlp.gov/GPO/LPS14576
|z Adobe Acrobat Reader required
|t 0
|
| 999 |
|
|
|a MARS
|
| 999 |
f |
f |
|i 60c5ccb5-e415-310e-8286-8f27a9317ef9
|s 4c0c0cd6-de90-3922-8693-cf49ea2eee7e
|t 0
|
| 952 |
f |
f |
|p normal
|a Texas A&M University
|b College Station
|c Sterling C. Evans Library
|d Evans: US Documents Microfiche (3rd floor)
|t 0
|e GA 1.5/2:T-NSIAD-98-105
|h Superintendent of Documents classification
|i microform -- microfiche
|m A14824412129
|
| 952 |
f |
f |
|a Texas A&M University
|b College Station
|c Electronic Resources
|d Available Online
|t 0
|e GA 1.5/2:T-NSIAD-98-105
|h Superintendent of Documents classification
|
| 998 |
f |
f |
|a GA 1.5/2:T-NSIAD-98-105
|t 0
|l Available Online
|
| 998 |
f |
f |
|a GA 1.5/2:T-NSIAD-98-105
|t 0
|l Evans: US Documents Microfiche (3rd floor)
|